Library Banner

اردو زبان و ادب بدلتے رجحانات (Record no. 79419)

MARC details
000 -LEADER
fixed length control field 00427nam a22001457a 4500
005 - DATE AND TIME OF LATEST TRANSACTION
control field 20151202102030.0
008 - FIXED-LENGTH DATA ELEMENTS--GENERAL INFORMATION
fixed length control field 151202b xxu||||| |||| 00| 0 eng d
040 ## - CATALOGING SOURCE
Transcribing agency PK-LaUMT
082 ## - DEWEY DECIMAL CLASSIFICATION NUMBER
Classification number MSC 491.439
Item number RAZ-U
100 ## - MAIN ENTRY--PERSONAL NAME
Personal name رضی الدین رضی
245 ## - TITLE STATEMENT
Title اردو زبان و ادب بدلتے رجحانات
Statement of responsibility, etc رضی الدین رضی
260 ## - PUBLICATION, DISTRIBUTION, ETC. (IMPRINT)
Place of publication, distribution, etc ملتان
Name of publisher, distributor, etc کتاب نگر
Date of publication, distribution, etc 2009
300 ## - PHYSICAL DESCRIPTION
Extent 124 ص
942 ## - ADDED ENTRY ELEMENTS (KOHA)
Koha item type Books
Holdings
Withdrawn status Lost status Damaged status Home library Current library Date acquired Full call number Barcode Date last seen Price effective from Koha item type
      UMT Main Campus UMT Main Campus 2015-12-02 MSC 491.439 RAZ-U 95208 2015-12-02 2015-12-02 Books